Etimologia, ética y tendencia del lunfardo(recorte) /
Guardado en:
| Autor Principal: | |
|---|---|
| Formato: | Libro |
| Publicado: |
Buenos Aires :
P jaro de Fuego,
1978
|
| Materias: | |
| Etiquetas: |
Agregar Etiqueta
Sin Etiquetas, Sea el primero en etiquetar este registro!
|
| LEADER | 01098nam a22002055a 4500 | ||
|---|---|---|---|
| 001 | CEM.cems008938 | ||
| 005 | 20060214000000.0 | ||
| 008 | 130507s1978##################000#0#####d | ||
| 003 | CEMS | ||
| 082 | 0 | 4 | |a F780 |
| 100 | 1 | |a Colloca Norma | |
| 245 | 1 | 0 | |a Etimologia, ética y tendencia del lunfardo(recorte) / |
| 260 | |a Buenos Aires : |b P jaro de Fuego, |c 1978 | ||
| 300 | |a 7 p. | ||
| 505 | 0 | |a Entrevista a Jos Gobello.- Recorte de la revista P jaro de Fuego. Ago. 1978, N§ 8. Bs. As.Entrevista a Jos Gobello.- Recorte de la revista P jaro de Fuego. Ago. 1978, N§ 8. Bs. As.Entrevista a Jos Gobello.- Recorte de la revista P jaro de Fuego. Ago. 1978, N§ 8. Bs. As.Entrevista a Jos Gobello.- Recorte de la revista P jaro de Fuego. Ago. 1978, N§ 8. Bs. As.Entrevista a Jos Gobello.- Recorte de la revista P jaro de Fuego. Ago. 1978, N§ 8. Bs. As.Entrevista a Jos Gobello.- Recorte de la revista P jaro de Fuego. Ago. 1978, N§ 8. Bs. As. | |
| 653 | |a Fc | ||
| 653 | |a Linguistica | ||
| 653 | |a Lunfardo | ||
| 653 | |a Tango | ||
| 859 | |a CEMS |b BIB. CEMS - 11 de abril |h F780 |i 1-3 |p 1331.44 |t Ej.1 | ||
